00680nam a2200193Ia 4500008004100000020001800041041000800059082001600067100002500083245003800108260004100146300000900187500003700196500002900233650002400262700003700286999001700323952014600340230125s9999 xx 000 0 und d a81-7660-083-0 aeng a006.66bBHA aBhandari S P9114269 aComputer graphics in C and pascal c2000bEverest Publishing houseaPune a563p aComputers graphics ,C and pascal aComputer graphics;Pascal aComputer Management aBhandari S P & Joshi S A9114270 c91594d91594 02104070aHIMRbHIMRd2001-07-13eSatya Gilanig297.00o006.66 BHA DB0479pHIMR-DB-479r2023-01-25 00:00:00v297.00w2001-08-30yDBzDB0479